| 000 | 00367nam a2200133Ia 4500 | ||
|---|---|---|---|
| 008 | 240624s9999 xx 000 0 und d | ||
| 041 | _aeng | ||
| 082 | _a519.53 RIG | ||
| 100 | _aRIGGS JAMIE D | ||
| 245 | _aHANDBOOK FOR APPLIED MODELING NON GAUSSI | ||
| 260 |
_c2017 _aUnited Kingdom _bCambridge University Press |
||
| 300 | _axv, 216 p.; 23 cm. | ||
| 365 |
_cBPS _b35 |
||
| 999 |
_c31678 _d31678 |
||